La rivolta dello stile : tendenze e segnali dalle subculture giovanili del pianeta terra /

Gorde:
Xehetasun bibliografikoak
Beste egile batzuk: Cristante, Stefano, Di Cerbo, Angelo, Spinucci, Giulio
Formatua: Liburua
Hizkuntza:italiera
Argitaratua: Milano : Angeli, c1983
Saila:Arci/metropolidea ; 1
Gaiak:
Etiketak: Etiketa erantsi
Etiketarik gabe, Izan zaitez lehena erregistro honi etiketa jartzen!

MARC

LEADER 00000nam a22000007i 4500
001 IT\ICCU\RAV\0052012
003 ItRI
005 20260115232407.0
008 890628s1983 it |||||| ||||| |||||c
015 |2 IT  |a 8312002 
040 |b ita  |c importazione bologna sebina 
041 7 |a ita  |2 ISO-639-2 
082 |a 301.431  |9 GIOVANI  |2 18 
245 0 3 |a La rivolta dello stile :  |b tendenze e segnali dalle subculture giovanili del pianeta terra /  |c a cura di Stefano Cristante, Angelo Di Cerbo, Giulio Spinucci. 
260 |a Milano :  |b Angeli,  |c c1983 
300 |a 218 p., [10] c. di tav :  |b ill. ;  |c 22 cm 
650 7 |a Giovani  |x 1970-1980  |2 scbi 
700 1 |a Cristante, Stefano  |0 IT\ICCU\RAVV\027050 
700 1 |a Di Cerbo, Angelo  |0 IT\ICCU\RAVV\027051 
700 1 |a Spinucci, Giulio  |0 IT\ICCU\RAVV\027052 
830 0 |a Arci/metropolidea ;  |v 1  |0 IT\ICCU\RAV\0052014 
942 |2 ddc  |c BK  |n 0 
952 |0 0  |1 0  |4 0  |6 DOC_305_230000000000000_CRI  |7 0  |9 25339  |a BO  |b BO  |d 2026-01-15  |i 3258  |l 0  |o DOC 305.230 CRI  |p BO3258  |r 2026-01-15 23:24:07  |w 2026-01-15  |x [Sebina 7] [1 v.]  |y BK  |z 1 v. 
999 |c 21518  |d 21518